000 01686cam a2200469 a 4500
001 115127
003 BJBSDDR
005 20250715133416.0
007 ta
008 100105s2009 pau | 000 0deng d
010 _a 2008942201
020 _a9780762436279 (pbk.)
020 _a0762436271 (pbk.)
020 _a 9781845299439
020 _a1845299434
035 _a(OCoLC)ocn246894819
035 _a(OCoLC)246894819
035 _a16040772
040 _aBTCTA
_cBTCTA
_dSVP
_dDLC
_beng
041 _aeng
042 _alccopycat
043 _ae-uk-en
050 1 4 _aML 421.4
_bM265 2009
082 0 0 _a782.42166092
245 0 4 _aThe Mammoth book of the Beatles /
_cedited with an introduction by Sean Egan.
260 _aPhiladelphia :
_bRunning Press ;
_aLondon :
_bRobinson,
_c2009.
300 _axiv, 594 pages ;
_c20 cm.
490 1 _aThe Mammoth Book of
500 _a"Beatles and solo Beatles comprehensive UK discography [p. 555-594], compiled by Graham Calkin"--Appendix
500 _aIncludes discography.
505 0 _aLife and art Dissenters Film and TV Beatle women Interviews And in the end
520 _aOver 30 landmark interviews, accounts, and memoirs of The Beatles and their entourage, recording how they inadvertently became counter-culture's figureheads and changed society.
610 2 0 _aBeatles.
610 2 4 _aThe Beatles (Grupo musical)
_919054
650 0 _aRock musicians
_zEngland.
650 4 _aMúsicos de rock
_zInglaterra
_921610
650 4 _aMúsica rock
_xHistoria y crítica
_930642
700 1 _aEgan, Sean
_943365
_eeditor
830 4 _aThe Mammoth Book of
_943364
942 _2lcc
_cBK
946 _adpf
999 _c71113
_d71113